000 00528nam a22001935i 4500
001 168895
003 ES-MaACL
005 20231228062703.0
008 080620s1935 sp |||| | spa d
080 _a618.1
100 1 _aMarañón, Gregorio,
_d1887-1960
_976311
245 1 0 _aGinecología endocrina /
_cG. Marañón.
250 _a1ª ed.
260 _aMadrid :
_bEspasa-Calpe,
_c1935.
300 _a310 p., 4 lám. ;
_c23 cm.
650 1 4 _aGinecología.
_913119
852 _aES-MaACL
_jE-11766
999 _c168895
_d168895